Statistics for History of Ukraine

Click here to take the quiz!

General Stats

  • This quiz has been taken 43 times
  • The average score is 11 of 19

Answer Stats

HintAnswer% Correct
most important city in the 10th centuryKiev
100%
country that controlled most of Ukraine in the 19th centuryRussian Empire
95%
peninsula annexed in 2014 by RussiaCrimea
90%
country that controlled most of Ukraine in the 17th centuryPolish-Lithuanian Commonwealth
87%
people who invaded the area in the 13th centuryMongols
82%
natural disaster of 1932–1933famine
72%
group of militant people living on the Dnieper in 17th centuryCossacks
64%
former profession of president Volodymyr Zelenskyactor
62%
Ukrainian name of the aboveHolodomor
59%
ruler of the above, who was baptized in 988Vladimir the Great
56%
colloquial name for protests of 2013 and 2014Euromaidan
49%
country that controlled most of Ukraine in the 15th centuryGrand Duchy of Lithuania
49%
president dismissed from office as a result of the aboveViktor Yanukovych
49%
poet, artist and popularizer of the Ukrainian language, known also as KobzarTaras Shevchenko
46%
leader of the great uprising of 1648Bohdan Khmelnytsky
44%
first president of Ukraine after independence in 1991Leonid Kravchuk
33%
royal title of the aboveGrand Prince
26%
fraction of Christianity that was created as a result of the union of Brest (1596)Ruthenian Uniate Church
13%
semi-independent republic created by the aboveZaporozhia
8%

Score Distribution

Percentile by Number Answered

Percent of People with Each Score

Your Score History

You have not taken this quiz